| 000 | 01010nam a2200337 i 4500 | ||
|---|---|---|---|
| 001 | 59350 | ||
| 003 | CO-BoRNBP | ||
| 005 | 20251003214635.0 | ||
| 007 | ta | ||
| 008 | 250828s2024 ck gr 000 0dspa | ||
| 020 | _a9789587233292 | ||
| 040 |
_aCO-BoBN _bspa _erda _cCO-BoBN |
||
| 041 | 0 | _aspa | |
| 082 | 0 | 4 |
_a153.4 _223 |
| 100 | 1 |
_aYoritomo-Tashi, _eautor _965296 |
|
| 245 | 1 | 3 |
_aEl sentido común / _cYorimoto Tashi |
| 250 | _aPrimera edición | ||
| 264 | 1 |
_aBogotá : _bEditorial Skla, _c2024 |
|
| 300 |
_a125 páginas ; _c21 cm |
||
| 336 |
_aTexto _btxt _2rdacontent |
||
| 337 |
_aSin mediación _bn _2rdamedia |
||
| 338 |
_aVolumen _bnc _2rdacarrier |
||
| 500 | _aIncluye datos biográficos del autor | ||
| 650 | 1 | 4 |
_aSentido común _2LEMB _915405 |
| 650 | 2 | 4 |
_aRazonamiento _2LEMB |
| 650 | 2 | 4 |
_aMeditación (Budismo zen) _2LEMB _965297 |
| 650 | 2 | 4 |
_aVida espiritual _2LEMB _917582 |
| 650 | 2 | 4 |
_aAutocontrol _xAspectos sociales _2LEMB _965298 |
| 942 |
_2ddc _cBK |
||
| 990 |
_a2025-8571 _bEditorial Skla |
||
| 999 |
_c59350 _d59350 |
||